00652nam a22002297a 450000500170000001000150001702000260003203500130005803500170007103700130008803700170010108200100011810000190012824500750014726000350022227000500025730000330030750000190034065000250035965000200038465000180040420130726120156.0 aENG-104628 a9789380408675c175.00 aEN-88161 aB-494873-874 bDBAD/PUB bRBC/Venadpl a005.1 aDebnath, Sajal aSoftware engineering and system analysis & design /cby Sajal Debnath aNew DelhibAcme Learningc2011 a2/8 Ansari Road Darya GanjbNew Delhie110002 axii,244p. :bill.c24cm(pbk) aIncludes index aSoftware engineering aSystem analysis aSystem design